1963 : de la guerra mediática al golpe de Estado / (Record no. 16525)

MARC details
000 -LEADER
campo de control de longitud fija 02010cam a2200313 i 4500
001 - NÚMERO DE CONTROL
campo de control 122349
005 - FECHA Y HORA DE LA ÚLTIMA TRANSACCIÓN
campo de control 20230410101949.0
008 - DATOS DE LONGITUD FIJA--INFORMACIÓN GENERAL
campo de control de longitud fija 160419b2015 dr a 000 0 spa
020 ## - NÚMERO INTERNACIONAL ESTÁNDAR DEL LIBRO
Número Internacional Estándar del Libro 9789945587074
041 0# - CÓDIGO DE IDIOMA
Código de lengua del texto/banda sonora o título independiente esp
050 14 - SIGNATURA TOPOGRÁFICA DE LA BIBLIOTECA DEL CONGRESO
Número de clasificación 118 F 1938.58
Número de ítem A185m 2015
082 00 - NÚMERO DE LA CLASIFICACIÓN DECIMAL DEWEY
Número de clasificación 972.93054
100 1# - ENTRADA PRINCIPAL--NOMBRE DE PERSONA
Nombre de persona Acosta Matos, Eliades,
Fechas asociadas al nombre 1959-
245 10 - MENCIÓN DEL TÍTULO
Título 1963 : de la guerra mediática al golpe de Estado /
Mención de responsabilidad, etc. Eliades Acosta Matos ; edición: Irene Hernández
246 ## - FORMA VARIANTE DEL TITULO
Título propio/Titulo breve Mil novecientos sesenta y tres : de la guerra mediática al golpe de Estado.
260 ## - PUBLICACIÓN, DISTRIBUCIÓN, ETC.
Lugar de publicación, distribución, etc. Santo Domingo :
Nombre del editor, distribuidor, etc. Ediciones Fundación Juan Bosch,
Fecha de publicación, distribución, etc. 2015.
300 ## - DESCRIPCIÓN FÍSICA
Extensión 655 p. :
Otras características físicas il. ;
Dimensiones 23 cm.
505 0# - NOTA DE CONTENIDO CON FORMATO
Nota de contenido con formato Capítulo I: Guerra fría y medios calientes, p.11 -- Capítulo II: "[...] cuidado con alejarse demasiado", p.65 -- Capítulo III: Castigando con mano dura la insolencia, p.113 -- Capítulo IV: La utopía desde arriba, p.147 -- Capítulo V: Un diciembre decisivo y otros frentes ideológicos, p.211 -- Capítulo VI: El hombre de la calle y un agitada transición, p.257 -- Capítulo VII: La alertas rojas, p.299 -- Capítulo VIII: "!Téngase miedo, Sr. Presidente!", p.339 -- Capítulo IX: La aplanadora y la cultivadora, p.383 -- Capítulo X: Miedo a la colectilla fantasma, p.423 -- Capítulo XI: "Una prensa libre, honesta y responsable...", p.465 -- Capítulo XII: Las revoluciones no son obra de Mickey Mouse, p.501 -- Capítulo XIII: "[...] Los hombres de Prensa Libre dimos la batalla y la hemos ganado [...]", p.545.
600 10 - PUNTO DE ACCESO ADICIONAL DE MATERIA--NOMBRE DE PERSONA
Nombre de persona Bosch Juan 1909-2001 - Presidente
650 #4 - PUNTO DE ACCESO ADICIONAL DE MATERIA--TÉRMINO DE MATERIA
Término de materia o nombre geográfico como elemento de entrada Presidentes
Subdivisión geográfica República Dominicana
Subdivisión de forma Biografía.
650 #4 - PUNTO DE ACCESO ADICIONAL DE MATERIA--TÉRMINO DE MATERIA
Término de materia o nombre geográfico como elemento de entrada 20160600.
651 #4 - PUNTO DE ACCESO ADICIONAL DE MATERIA--NOMBRE GEOGRÁFICO
Nombre geográfico República Dominicana
Subdivisión general Historia
Subdivisión cronológica Siglo XX
651 #4 - PUNTO DE ACCESO ADICIONAL DE MATERIA--NOMBRE GEOGRÁFICO
Nombre geográfico República Dominicana
Subdivisión general Política y gobierno.
651 #4 - PUNTO DE ACCESO ADICIONAL DE MATERIA--NOMBRE GEOGRÁFICO
Nombre geográfico República Dominicana
Subdivisión general Historia
Subdivisión cronológica 1963.
651 #4 - PUNTO DE ACCESO ADICIONAL DE MATERIA--NOMBRE GEOGRÁFICO
Nombre geográfico República Dominicana
Subdivisión general Historia
-- Golpe de Estado de 1963.
651 ## - PUNTO DE ACCESO ADICIONAL DE MATERIA--NOMBRE GEOGRÁFICO
Nombre geográfico República Dominicana
Subdivisión general Historia - Revolución de 1965.
700 1# - ENTRADA AGREGADA--NOMBRE PERSONAL
Nombre de persona Hernández, Irene,
Término indicativo de función/relación ed.
942 ## - ELEMENTOS DE ENTRADA SECUNDARIOS (KOHA)
Fuente del sistema de clasificación o colocación Clasificación de Library of Congress
Tipo de ítem Koha
Holdings
Estatus retirado Estado de pérdida Fuente del sistema de clasificación o colocación Estado de daño No para préstamo Colección Biblioteca de origen Biblioteca actual Ubicación en estantería Fecha de adquisición Serial enumeration / chronology Signatura topográfica completa Código de barras Visto por última vez Copia número Tipo de ítem Koha
    Clasificación de Library of Congress     Recursos Regionales Biblioteca Juan Bosch Biblioteca Juan Bosch Recursos Regionales (2do. Piso) 10/04/2023 1 118 F 1938.58 A185m 2015 00000114=952 23/10/2018 1